[Event "GER-chT Youth Countries 2019"]
[Site "Wuerzburg"]
[Date "2019.10.02"]
[Round "1"]
[White "Arnhold, Steffi"]
[Black "Schiewe, Nadin"]
[Result "1-0"]
[WhiteElo "2042"]
[BlackElo "1593"]
[Annotator "NA"]
[PlyCount "82"]
[EventDate "2019.10.02"]
[EventType "swiss"]
[EventRounds "7"]
[EventCountry "GER"]
[SourceTitle "playchess.com"]
[Source "ChessBase"]
[SourceQuality "1"]
[WhiteTeam "Sachsen"]
[BlackTeam "Brandenburg/Berlin"]
[WhiteTeamCountry "GER"]
[BlackTeamCountry "GER"]
[TimeControl "40/5400+30:1800+30"]

1. e4 {[%emt 0:00:00]} d5 {[%emt 0:00:00]} 2. exd5 {[%emt 0:00:00]} Qxd5 {[%emt 0:00:00]} 3. Nc3 {[%emt 0:00:09]} Qa5 {[%emt 0:00:00]} 4. d4 {[%emt 0:00:31]} c6 {[%emt 0:00:13]} 5. Nf3 {[%emt 0:01:57]} Nf6 {[%emt 0:00:24]} 6. Bc4 {[%emt 0:04:52]} Bf5 {[%emt 0:02:28]} 7. O-O {[%emt 0:05:58]} e6 {[%emt 0:01:01]} 8. Re1 {[%emt 0:04:45]} Bd6 {[%emt 0:03:46]} 9. Bd2 {[%emt 0:15:37]} Qc7 {[%emt 0:02:36]} 10. h3 {[%emt 0:08:02]} O-O {[%emt 0:02:54]} 11. Nh4 {[%emt 0:02:43]} Nbd7 {[%emt 0:05:20]} 12. Nxf5 {[%emt 0:01:10]} exf5 {[%emt 0:00:10]} 13. Qf3 {[%emt 0:01:33]} g6 {[%emt 0:09:00]} 14. Bb3 {[%emt 0:04:24]} Nb6 {[%emt 0:06:04]} 15. Bg5 {[%emt 0:03:54]} Ne8 {[%emt 0:05:28]} 16. Rad1 {[%emt 0:19:26]} a6 {[%emt 0:23:10]} 17. Ne2 Be7 {[%emt 0:00:30]} 18. Bh6 {[%emt 0:04:38]} Ng7 {[%emt 0:00:49]} 19. Nf4 {[%emt 0:00:18]} Bf6 {[%emt 0:07:02]} 20. Qg3 {[%emt 0:04:01]} Rac8 {[%emt 0:09:32]} 21. c3 {[%emt 0:00:37]} Rfd8 {[%emt 0:00:30]} 22. Re8+ {[%emt 0:04:28]} Rxe8 {[%emt 0:03:38]} 23. Nh5 {[%emt 0:00:30]} Qe7 {[%emt 0:04:35]} 24. Nxf6+ {[%emt 0:00:46]} Qxf6 {[%emt 0:00:07]} 25. Bg5 {[%emt 0:00:05]} f4 {[%emt 0:01:34]} 26. Qxf4 {[%emt 0:00:44]} Qxf4 {[%emt 0:00:44]} 27. Bxf4 {[%emt 0:00:05]} Re2 {[%emt 0:00:31]} 28. Bd2 {[%emt 0:00:48]} a5 {[%emt 0:02:03]} 29. Kf1 {[%emt 0:00:15]} Re7 {[%emt 0:01:50]} 30. a3 {[%emt 0:01:14]} a4 {[%emt 0:01:13]} 31. Ba2 Rd7 {[%emt 0:02:47]} 32. Ke2 {[%emt 0:07:47]} Kf8 {[%emt 0:01:15]} 33. Bc1 {[%emt 0:01:06]} Ke7 {[%emt 0:01:01]} 34. Bb1 {[%emt 0:01:10]} f5 {[%emt 0:00:48]} 35. Bc2 {[%emt 0:00:11]} c5 {[%emt 0:02:02]} 36. dxc5 {[%emt 0:00:44]} Rxd1 {[%emt 0:01:08]} 37. Bxd1 {[%emt 0:00:09]} Ne6 {[%emt 0:00:08]} 38. Be3 {[%emt 0:00:30]} Nxc5 {[%emt 0:00:30]} 39. Bd4 {[%emt 0:00:45]} Nbd7 {[%emt 0:01:53]} 40. Ke3 {[%emt 0:01:22]} b5 {[%emt 0:00:00]} 41. Be2 {[%emt 0:00:26]} Kd6 {normal} 1-0

[Event "GER-chT Youth Countries 2019"]
[Site "Wuerzburg"]
[Date "2019.10.02"]
[Round "1"]
[White "Pahl, Theis"]
[Black "Knuedel, Torben"]
[Result "0-1"]
[WhiteElo "2022"]
[BlackElo "2193"]
[Annotator "NA"]
[PlyCount "62"]
[EventDate "2019.10.02"]
[EventType "team-tourn"]
[EventRounds "7"]
[EventCountry "GER"]
[SourceTitle "playchess.com"]
[Source "ChessBase"]
[SourceQuality "1"]
[WhiteTeam "Germany"]
[BlackTeam "Germany"]
[WhiteTeamCountry "GER"]
[BlackTeamCountry "GER"]
[TimeControl "40/5400+30:1800+30"]

1. e4 {[%emt 0:00:00]} e5 {[%emt 0:00:00]} 2. Nf3 {[%emt 0:04:07]} Nc6 {[%emt 0:00:00]} 3. Bb5 {[%emt 0:00:05]} a6 {[%emt 0:00:04]} 4. Ba4 {[%emt 0:00:03]} Nf6 {[%emt 0:00:04]} 5. O-O {[%emt 0:00:04]} Be7 {[%emt 0:00:05]} 6. d3 {[%emt 0:00:04]} d6 {[%emt 0:00:06]} 7. c3 {[%emt 0:00:24]} O-O {[%emt 0:00:06]} 8. Re1 {[%emt 0:00:47]} b5 {[%emt 0:00:04]} 9. Bc2 {[%emt 0:07:58]} d5 {[%emt 0:00:05]} 10. Nbd2 {[%emt 0:00:26]} d4 {[%emt 0:00:15]} 11. Nb3 {[%emt 0:05:36]} Bg4 {[%emt 0:04:10]} 12. h3 {[%emt 0:04:24]} Bh5 {[%emt 0:00:07]} 13. cxd4 {[%emt 0:03:28]} Bb4 {[%emt 0:14:14]} 14. Rf1 {[%emt 0:04:52]} exd4 {[%emt 0:02:41]} 15. g4 {[%emt 0:06:51]} Nxg4 {[%emt 0:03:07]} 16. hxg4 {[%emt 0:01:57]} Bxg4 {[%emt 0:00:14]} 17. Kg2 {[%emt 0:07:47]} f5 {[%emt 0:07:00]} 18. e5 {[%emt 0:18:53]} Nxe5 {[%emt 0:09:17]} 19. Nxe5 {[%emt 0:00:10]} Bxd1 {[%emt 0:00:07]} 20. Bxd1 {[%emt 0:00:03]} f4 {[%emt 0:07:41]} 21. Nf3 {[%emt 0:01:45]} Qd7 {[%emt 0:08:32]} 22. Rh1 {[%emt 0:02:21]} Rae8 {[%emt 0:03:07]} 23. a3 {[%emt 0:01:28]} Be7 {[%emt 0:07:31]} 24. Nbd2 {[%emt 0:09:28]} g5 {[%emt 0:03:43]} 25. Ne4 {[%emt 0:02:04]} c5 {[%emt 0:02:20]} 26. Bb3+ {[%emt 0:08:42]} c4 {[%emt 0:01:06]} 27. Bd1 {[%emt 0:00:50]} Bd8 {[%emt 0:02:13]} 28. Kf1 {[%emt 0:00:54]} g4 {[%emt 0:02:03]} 29. Nfg5 {[%emt 0:01:12]} Bxg5 {[%emt 0:01:03]} 30. Nxg5 {[%emt 0:00:03]} Qf5 {[%emt 0:01:00]} 31. Nxh7 {[%emt 0:01:17]} Rf7 {normal} 0-1

[Event "GER-chT Youth Countries 2019"]
[Site "Wuerzburg"]
[Date "2019.10.02"]
[Round "1"]
[White "Popist, Florian"]
[Black "Kololli, Martin"]
[Result "0-1"]
[WhiteElo "2019"]
[BlackElo "2310"]
[Annotator "TA"]
[PlyCount "44"]
[EventDate "2019.10.02"]
[EventType "team-tourn"]
[EventRounds "7"]
[EventCountry "GER"]
[SourceTitle "playchess.com"]
[Source "ChessBase"]
[SourceQuality "1"]
[WhiteTeam "Germany"]
[BlackTeam "Germany"]
[WhiteTeamCountry "GER"]
[BlackTeamCountry "GER"]

{[%evp 9,44,25,31,19,18,22,36,55,55,29,21,-355,-360,-368,-355,-679,-689,-728,-727,-710,-696,-696,-689,-693,-688,-780,-700,-697,-694,-706,-705,-687,-681,-755,-754,-745,-725]} 1. e4 e5 2. Nf3 Nc6 3. d4 exd4 4. Nxd4 Qf6 5. Nb3 Qg6 6. f3 {C45: Scotch Game} Bd6 (6... Nf6 7. Bf4 Bb4+ 8. Kf2 O-O 9. a3 Be7 10. Bd3 Nh5 11. Bxc7 d6 12. e5 Bh4+ 13. Kf1 {0-1 (41) Shankland,S (2731)-Xiong,J (2663) Saint Louis 2019}) 7. Nc3 Nf6 8. g4 $146 {White is slightly better.} ({Predecessor:} 8. g3 O-O 9. Bg2 Be5 10. Ne2 Bd6 11. O-O Re8 12. Nc3 Be5 13. Ne2 {½-½ (23) Gschnitzer,A (2328)-Kololli,M (2238) Willingen 2017}) 8... O-O 9. Be3 (9. Bd3 $5 {[%cal Re4e5]} Ne5 10. h4 $14) 9... Bb4 {Hoping for ...Nxe4!} 10. g5 $2 {[%mdl 8192] [#]} (10. Qd2 $11 {and White has nothing to worry.}) 10... Nxe4 $1 $19 {[%mdl 576] Pin} 11. Bd3 (11. fxe4 Qxe4) 11... Nxc3 12. Bxg6 $2 (12. bxc3 Bxc3+ {[%mdl 64] Double Attack} 13. Kf2) 12... Nxd1+ {Black is clearly winning.} 13. Kxd1 fxg6 14. c3 Be7 15. f4 d5 16. Kd2 Bh3 17. Nc1 Bd6 18. Nd3 Rae8 19. Rae1 Bg2 20. Rhg1 Be4 21. Rgf1 Bxd3 22. Kxd3 Re4 0-1

[Event "GER-chT Youth Countries 2019"]
[Site "Wuerzburg"]
[Date "2019.10.02"]
[Round "1"]
[White "Nguyen, Ha Thanh"]
[Black "Kluehs, Gustaf"]
[Result "1-0"]
[WhiteElo "1998"]
[BlackElo "1902"]
[Annotator "NA"]
[PlyCount "109"]
[EventDate "2019.10.02"]
[EventType "swiss"]
[EventRounds "7"]
[EventCountry "GER"]
[SourceTitle "playchess.com"]
[Source "ChessBase"]
[SourceQuality "1"]
[WhiteTeam "Thüringen"]
[BlackTeam "Berlin"]
[WhiteTeamCountry "GER"]
[BlackTeamCountry "GER"]
[TimeControl "40/5400+30:1800+30"]

1. e4 {[%emt 0:00:00]} c5 {[%emt 0:00:00]} 2. Nf3 {[%emt 0:00:00]} Nc6 {[%emt 0:00:00]} 3. d4 {[%emt 0:00:00]} cxd4 {[%emt 0:00:00]} 4. Nxd4 {[%emt 0:00:00]} Nf6 {[%emt 0:00:00]} 5. Nc3 {[%emt 0:00:00]} e5 {[%emt 0:00:00]} 6. Ndb5 {[%emt 0:00:04]} d6 {[%emt 0:00:00]} 7. Bg5 {[%emt 0:00:23]} a6 {[%emt 0:00:06]} 8. Na3 {[%emt 0:00:06]} b5 {[%emt 0:00:11]} 9. Nd5 {[%emt 0:00:08]} Be7 {[%emt 0:00:05]} 10. Bxf6 {[%emt 0:00:20]} Bxf6 {[%emt 0:00:05]} 11. c4 {[%emt 0:01:14]} b4 {[%emt 0:02:46]} 12. Nc2 {[%emt 0:00:07]} a5 {[%emt 0:00:28]} 13. g3 {[%emt 0:01:07]} Bg5 {[%emt 0:00:16]} 14. Bg2 {[%emt 0:00:26]} O-O {[%emt 0:01:10]} 15. O-O {[%emt 0:00:37]} Bb7 {[%emt 0:05:35]} 16. Qd3 {[%emt 0:02:25]} Ne7 {[%emt 0:01:18]} 17. Nde3 {[%emt 0:01:25]} Bxe3 {[%emt 0:01:09]} 18. Nxe3 {[%emt 0:00:08]} Qb6 {[%emt 0:02:18]} 19. Rfd1 {[%emt 0:04:19]} Rfd8 {[%emt 0:01:11]} 20. b3 {[%emt 0:03:39]} a4 {[%emt 0:11:02]} 21. Rac1 {[%emt 0:01:40]} axb3 {[%emt 0:06:58]} 22. axb3 {[%emt 0:02:32]} Qc5 {[%emt 0:01:28]} 23. Rc2 {[%emt 0:01:44]} Ra3 {[%emt 0:02:39]} 24. Rcd2 {[%emt 0:01:22]} Nc6 {[%emt 0:06:38]} 25. Nf5 {[%emt 0:16:40]} Nd4 {[%emt 0:01:16]} 26. Nxd4 {[%emt 0:01:15]} Qxd4 {[%emt 0:00:31]} 27. Qxd4 {[%emt 0:00:56]} exd4 {[%emt 0:00:14]} 28. Rb1 {[%emt 0:00:46]} Re8 {[%emt 0:15:49]} 29. Rxd4 {[%emt 0:00:49]} f5 {[%emt 0:02:16]} 30. Rxd6 {[%emt 0:10:07]} Bxe4 {[%emt 0:03:25]} 31. Bxe4 {[%emt 0:00:38]} fxe4 {[%emt 0:00:47]} 32. Rb6 {[%emt 0:06:07]} e3 {[%emt 0:02:03]} 33. fxe3 {[%emt 0:00:12]} Rxe3 {[%emt 0:00:18]} 34. Rxb4 {[%emt 0:00:10]} Ra2 {[%emt 0:00:06]} 35. Rb8+ {[%emt 0:01:45]} Kf7 {[%emt 0:00:07]} 36. Rf1+ {[%emt 0:00:15]} Kg6 {[%emt 0:00:20]} 37. Rb6+ {[%emt 0:03:34]} Kg5 {[%emt 0:00:17]} 38. Rb5+ {[%emt 0:00:19]} Kg6 {[%emt 0:00:22]} 39. Rf2 {[%emt 0:00:28]} Ra1+ {[%emt 0:00:08]} 40. Kg2 {[%emt 0:00:10]} Rb1 {[%emt 0:01:23]} 41. Rb6+ {[%emt 0:30:32]} Kh5 {[%emt 0:30:50]} 42. b4 {[%emt 0:11:25]} Ree1 {[%emt 0:01:22]} 43. Kf3 {[%emt 0:10:36]} Rb3+ {[%emt 0:01:24]} 44. Kf4 {[%emt 0:01:43]} Rc1 {[%emt 0:01:56]} 45. c5 {[%emt 0:04:09]} Rc4+ {[%emt 0:00:24]} 46. Ke5 {[%emt 0:01:04]} Rbc3 {[%emt 0:01:30]} 47. Kd5 {[%emt 0:00:40]} g5 {[%emt 0:00:45]} 48. Rf7 {[%emt 0:02:49]} h6 {[%emt 0:00:29]} 49. Rff6 {[%emt 0:00:17]} Kg4 {[%emt 0:00:16]} 50. Rxh6 {[%emt 0:02:24]} Kf3 {[%emt 0:00:13]} 51. c6 {[%emt 0:01:51]} Rg4 {[%emt 0:01:17]} 52. Kd6 {[%emt 0:02:36]} Rd3+ {[%emt 0:00:30]} 53. Kc7 {[%emt 0:00:15]} Re4 {[%emt 0:00:26]} 54. Rh7 {[%emt 0:00:52]} Re8 {[%emt 0:01:45]} 55. Rb8 {[%emt 0:03:19] normal} 1-0

[Event "GER-chT Youth Countries 2019"]
[Site "Wuerzburg"]
[Date "2019.10.02"]
[Round "1"]
[White "Lohr, Maximilian"]
[Black "Goldbeck, Lars"]
[Result "1/2-1/2"]
[WhiteElo "1996"]
[BlackElo "2203"]
[Annotator "NA"]
[PlyCount "95"]
[EventDate "2019.10.02"]
[EventType "swiss"]
[EventRounds "7"]
[EventCountry "GER"]
[SourceTitle "playchess.com"]
[Source "ChessBase"]
[SourceQuality "1"]
[WhiteTeam "Bayern 2"]
[BlackTeam "Bayern 1"]
[WhiteTeamCountry "GER"]
[BlackTeamCountry "GER"]
[TimeControl "40/5400+30:1800+30"]

1. e4 {[%emt 0:00:00]} c5 {[%emt 0:01:04]} 2. Nf3 {[%emt 0:00:00]} d6 {[%emt 0:00:21]} 3. d4 {[%emt 0:00:00]} cxd4 {[%emt 0:00:04]} 4. Nxd4 {[%emt 0:00:00]} Nf6 {[%emt 0:00:04]} 5. Nc3 {[%emt 0:00:00]} a6 {[%emt 0:00:04]} 6. Bg5 {[%emt 0:00:00]} e6 {[%emt 0:00:06]} 7. f4 {[%emt 0:00:03]} Be7 {[%emt 0:00:04]} 8. Qf3 {[%emt 0:00:04]} Qc7 {[%emt 0:00:05]} 9. O-O-O {[%emt 0:00:29]} Nbd7 {[%emt 0:00:11]} 10. g4 {[%emt 0:00:07]} h6 {[%emt 0:00:08]} 11. Bxf6 {[%emt 0:01:11]} Bxf6 {[%emt 0:00:07]} 12. h4 {[%emt 0:01:17]} Qb6 {[%emt 0:00:06]} 13. Nb3 {[%emt 0:00:47]} Be7 {[%emt 0:00:46]} 14. Kb1 {[%emt 0:00:58]} Nc5 {[%emt 0:09:13]} 15. f5 {[%emt 0:09:14]} Bd7 {[%emt 0:05:51]} 16. g5 {[%emt 0:01:24]} O-O-O {[%emt 0:05:05]} 17. f6 {[%emt 0:01:46]} Bf8 {[%emt 0:04:10]} 18. Be2 {[%emt 0:05:15]} Nxb3 {[%emt 0:18:33]} 19. cxb3 {[%emt 0:05:45]} Bc6 {[%emt 0:07:22]} 20. Ka1 {[%emt 0:15:11]} Kb8 {[%emt 0:07:54]} 21. Rhg1 {[%emt 0:04:30]} hxg5 {[%emt 0:03:51]} 22. hxg5 {[%emt 0:00:28]} Rh2 {[%emt 0:03:07]} 23. Qg3 {[%emt 0:06:15]} Qf2 {[%emt 0:11:48]} 24. fxg7 {[%emt 0:03:11]} Bxg7 {[%emt 0:00:13]} 25. Rxd6 {[%emt 0:00:12]} Rxd6 {[%emt 0:02:41]} 26. Qxd6+ {[%emt 0:00:15]} Ka7 {[%emt 0:00:06]} 27. Rf1 {[%emt 0:00:44]} Qg2 {[%emt 0:08:13]} 28. Qc5+ {[%emt 0:00:55]} Ka8 {[%emt 0:05:18]} 29. Rd1 {[%emt 0:16:07]} Rh1 {[%emt 0:00:30]} 30. Qe3 {[%emt 0:02:04]} Rxd1+ {[%emt 0:01:46]} 31. Bxd1 {[%emt 0:00:27]} Qh1 {[%emt 0:01:15]} 32. Qf3 {[%emt 0:00:33]} Qg1 {[%emt 0:00:30]} 33. Qg4 {[%emt 0:02:17]} Qe3 {[%emt 0:00:21]} 34. a3 {[%emt 0:01:44]} Bxc3 {[%emt 0:01:18]} 35. bxc3 {[%emt 0:00:06]} Qxc3+ {[%emt 0:00:03]} 36. Kb1 {[%emt 0:00:27]} Qe1 {[%emt 0:00:14]} 37. Qe2 {[%emt 0:01:58]} Bxe4+ {[%emt 0:00:34]} 38. Kb2 {[%emt 0:00:05]} Qh1 {[%emt 0:01:44]} 39. Bc2 {[%emt 0:02:08]} Qh8+ {[%emt 0:00:33]} 40. Ka2 {[%emt 0:00:50]} Bd5 {[%emt 0:01:54]} 41. Bd3 {[%emt 0:32:53]} Qd4 {[%emt 0:32:40]} 42. Bxa6 {[%emt 0:06:33]} bxa6 {[%emt 0:00:00]} 43. Qxa6+ {[%emt 0:00:00]} Kb8 {[%emt 0:00:00]} 44. Qd6+ {[%emt 0:00:00]} Kc8 {[%emt 0:00:00]} 45. Qf8+ {[%emt 0:00:00]} Kb7 {[%emt 0:00:00]} 46. Qxf7+ {[%emt 0:00:00]} Kb6 {[%emt 0:00:00]} 47. Qf6 {[%emt 0:00:00]} Qd2+ {[%emt 0:00:00]} 48. Qb2 {[%emt 0:00:00] normal} 1/2-1/2

[Event "GER-chT Youth Countries 2019"]
[Site "Wuerzburg"]
[Date "2019.10.02"]
[Round "1"]
[White "Deuer, Marius"]
[Black "Bakiev, Diyor"]
[Result "0-1"]
[WhiteElo "1993"]
[BlackElo "2088"]
[Annotator "NA"]
[PlyCount "90"]
[EventDate "2019.10.02"]
[EventType "team-tourn"]
[EventRounds "7"]
[EventCountry "GER"]
[SourceTitle "playchess.com"]
[Source "ChessBase"]
[SourceQuality "1"]
[WhiteTeam "Württemberg"]
[BlackTeam "Hessen"]
[WhiteTeamCountry "GER"]
[BlackTeamCountry "GER"]
[TimeControl "40/5400+30:1800+30"]

1. d4 {[%emt 0:00:00]} Nf6 {[%emt 0:00:00]} 2. c4 {[%emt 0:00:04]} e6 {[%emt 0:00:58]} 3. Nf3 {[%emt 0:00:12]} c5 {[%emt 0:01:33]} 4. d5 {[%emt 0:02:02]} exd5 {[%emt 0:00:35]} 5. cxd5 {[%emt 0:00:09]} d6 {[%emt 0:00:10]} 6. Nc3 {[%emt 0:00:21]} g6 {[%emt 0:00:33]} 7. Bf4 {[%emt 0:00:36]} Bg7 {[%emt 0:01:05]} 8. Qa4+ {[%emt 0:00:27]} Bd7 {[%emt 0:00:32]} 9. Qb3 {[%emt 0:00:14]} Qc7 {[%emt 0:00:35]} 10. e4 {[%emt 0:01:10]} O-O {[%emt 0:01:45]} 11. Nd2 {[%emt 0:00:19]} Nh5 {[%emt 0:01:14]} 12. Be3 {[%emt 0:00:13]} f5 {[%emt 0:12:43]} 13. exf5 {[%emt 0:01:25]} gxf5 {[%emt 0:20:55]} 14. Be2 {[%emt 0:01:52]} Be8 {[%emt 0:11:20]} 15. O-O {[%emt 0:02:59]} a6 {[%emt 0:25:44]} 16. Nf3 {[%emt 0:00:46]} h6 {[%emt 0:07:02]} 17. Qc2 {[%emt 0:02:15]} Qe7 {[%emt 0:04:09]} 18. a4 {[%emt 0:08:05]} Nd7 {[%emt 0:00:45]} 19. Rfe1 {[%emt 0:02:44]} Qf6 {[%emt 0:00:48]} 20. Bd2 {[%emt 0:03:09]} Bg6 {[%emt 0:00:34]} 21. Bc4 {[%emt 0:03:31]} Ne5 {[%emt 0:01:58]} 22. Nxe5 {[%emt 0:03:44]} dxe5 {[%emt 0:00:01]} 23. Qb3 {[%emt 0:00:35]} Rab8 {[%emt 0:02:18]} 24. d6+ {[%emt 0:08:33]} Kh7 {[%emt 0:00:04]} 25. Rad1 {[%emt 0:00:27]} Rfd8 {[%emt 0:01:51]} 26. Be3 {[%emt 0:00:44]} b6 {[%emt 0:01:34]} 27. Nd5 {[%emt 0:05:45]} Qxd6 {[%emt 0:00:43]} 28. Nxb6 {[%emt 0:00:32]} Qc7 {[%emt 0:00:22]} 29. Rxd8 {[%emt 0:00:51]} Rxd8 {[%emt 0:00:57]} 30. Nd5 {[%emt 0:02:33]} Qd6 {[%emt 0:00:28]} 31. Qb6 {[%emt 0:03:30]} Qxb6 {[%emt 0:00:52]} 32. Nxb6 {[%emt 0:00:09]} e4 {[%emt 0:01:03]} 33. Bxc5 {[%emt 0:05:01]} Bxb2 {[%emt 0:00:07]} 34. Bxa6 {[%emt 0:00:44]} Nf4 {[%emt 0:00:27]} 35. Nc4 {[%emt 0:05:55]} Bc3 {[%emt 0:00:18]} 36. Rc1 {[%emt 0:04:17]} Ne2+ {[%emt 0:00:05]} 37. Kh1 {[%emt 0:02:12]} Nxc1 {[%emt 0:00:04]} 38. h4 {[%emt 0:00:28]} Nb3 {[%emt 0:00:18]} 39. Bb6 {[%emt 0:01:06]} Rd1+ {[%emt 0:00:16]} 40. Kh2 {[%emt 0:00:05]} Bf7 {[%emt 0:00:12]} 41. Ne3 {[%emt 0:31:20]} Rd6 {[%emt 0:30:18]} 42. Bc4 {[%emt 0:01:11]} Bxc4 {[%emt 0:00:58]} 43. Nxc4 {[%emt 0:00:06]} Rc6 {[%emt 0:00:06]} 44. a5 {[%emt 0:00:35]} Rxc4 {[%emt 0:00:06]} 45. a6 {[%emt 0:00:02]} Ra4 {[%emt 0:00:06] normal} 0-1

[Event "GER-chT Youth Countries 2019"]
[Site "Wuerzburg"]
[Date "2019.10.02"]
[Round "1"]
[White "Muedder, Melanie"]
[Black "Lederer, Leia"]
[Result "1-0"]
[WhiteElo "1964"]
[BlackElo "1750"]
[Annotator "NA"]
[PlyCount "81"]
[EventDate "2019.10.02"]
[EventType "swiss"]
[EventRounds "7"]
[EventCountry "GER"]
[SourceTitle "playchess.com"]
[Source "ChessBase"]
[SourceQuality "1"]
[WhiteTeam "Nordrhein-Westfalen"]
[BlackTeam "Team Süd"]
[WhiteTeamCountry "GER"]
[BlackTeamCountry "GER"]
[TimeControl "40/5400+30:1800+30"]

1. e4 {[%emt 0:00:00]} e5 {[%emt 0:00:00]} 2. Nf3 {[%emt 0:00:00]} Nc6 {[%emt 0:00:00]} 3. d4 {[%emt 0:00:00]} exd4 {[%emt 0:00:00]} 4. Nxd4 {[%emt 0:00:00]} Bc5 {[%emt 0:00:27]} 5. Be3 {[%emt 0:00:23]} Qf6 {[%emt 0:00:17]} 6. c3 {[%emt 0:00:12]} Nge7 {[%emt 0:02:11]} 7. Bb5 {[%emt 0:00:16]} Qg6 {[%emt 0:07:59]} 8. O-O {[%emt 0:21:28]} d6 {[%emt 0:05:09]} 9. Nd2 {[%emt 0:06:02]} O-O {[%emt 0:04:24]} 10. f4 {[%emt 0:05:45]} f5 {[%emt 0:09:53]} 11. exf5 {[%emt 0:19:32]} Nxf5 {[%emt 0:03:08]} 12. Bc4+ {[%emt 0:03:30]} Kh8 {[%emt 0:01:02]} 13. Nxf5 {[%emt 0:02:24]} Bxf5 {[%emt 0:02:02]} 14. Bxc5 {[%emt 0:02:16]} dxc5 {[%emt 0:00:08]} 15. Qf3 {[%emt 0:03:27]} Rad8 {[%emt 0:03:51]} 16. Rf2 {[%emt 0:03:39]} Rd6 {[%emt 0:02:56]} 17. Bb5 {[%emt 0:08:29]} Rfd8 {[%emt 0:13:21]} 18. Qe3 {[%emt 0:06:10]} a6 {[%emt 0:14:35]} 19. Bxc6 {[%emt 0:05:20]} Rxc6 {[%emt 0:06:00]} 20. Nc4 {[%emt 0:01:42]} Rd3 {[%emt 0:05:23]} 21. Qe7 {[%emt 0:01:55]} h6 {[%emt 0:10:37]} 22. Ne5 {[%emt 0:00:28]} Qh5 {[%emt 0:00:15]} 23. Nxc6 {[%emt 0:03:30]} bxc6 {[%emt 0:00:40]} 24. Qxc5 {[%emt 0:00:50]} Rd6 {[%emt 0:02:12]} 25. Re1 {[%emt 0:00:48]} Qg4 {[%emt 0:00:38]} 26. Qe3 {[%emt 0:00:53]} Be6 {[%emt 0:01:43]} 27. h3 {[%emt 0:00:47]} Qf5 {[%emt 0:00:34]} 28. Qe5 {[%emt 0:00:44]} Qf7 {[%emt 0:00:44]} 29. b3 {[%emt 0:00:38]} Bd7 {[%emt 0:00:55]} 30. f5 {[%emt 0:01:09]} Rf6 {[%emt 0:01:47]} 31. Ref1 {[%emt 0:01:01]} Qh5 {[%emt 0:00:57]} 32. Qxc7 {[%emt 0:00:44]} Be8 {[%emt 0:01:15]} 33. Qc8 {[%emt 0:00:40]} Kh7 {[%emt 0:00:40]} 34. Re1 {[%emt 0:00:45]} Bf7 {[%emt 0:00:28]} 35. c4 {[%emt 0:00:23]} Qh4 {[%emt 0:00:34]} 36. Qd7 {[%emt 0:00:40]} Qg3 {[%emt 0:00:27]} 37. Ref1 {[%emt 0:01:08]} Bh5 {[%emt 0:00:42]} 38. Qd2 {[%emt 0:00:32]} Rd6 {[%emt 0:00:23]} 39. Qf4 {[%emt 0:00:23]} Qd3 {[%emt 0:00:29]} 40. Kh2 {[%emt 0:00:40]} Rf6 {[%emt 0:00:28]} 41. Qg3 {[%emt 0:03:06] normal} 1-0

[Event "GER-chT Youth Countries 2019"]
[Site "Wuerzburg"]
[Date "2019.10.02"]
[Round "1"]
[White "Costa, Leonardo"]
[Black "Butenandt, Svenja"]
[Result "1-0"]
[WhiteElo "1959"]
[BlackElo "1805"]
[Annotator "NA"]
[PlyCount "41"]
[EventDate "2019.10.02"]
[EventType "team-tourn"]
[EventRounds "7"]
[EventCountry "GER"]
[SourceTitle "playchess.com"]
[Source "ChessBase"]
[SourceQuality "1"]
[WhiteTeam "Germany"]
[BlackTeam "Germany"]
[WhiteTeamCountry "GER"]
[BlackTeamCountry "GER"]
[TimeControl "40/5400+30:1800+30"]

1. e4 {[%emt 0:00:00]} c5 {[%emt 0:00:00]} 2. Nf3 {[%emt 0:00:00]} e6 {[%emt 0:00:00]} 3. d4 {[%emt 0:00:00]} cxd4 {[%emt 0:00:00]} 4. Nxd4 {[%emt 0:00:00]} Nf6 {[%emt 0:00:00]} 5. Nc3 {[%emt 0:00:12]} d6 {[%emt 0:00:06]} 6. g4 {[%emt 0:00:56]} h6 {[%emt 0:00:30]} 7. Rg1 {[%emt 0:02:01]} Nc6 {[%emt 0:02:27]} 8. Be3 {[%emt 0:03:08]} d5 {[%emt 0:13:49]} 9. exd5 {[%emt 0:09:34]} Nxd5 {[%emt 0:01:18]} 10. Nxd5 {[%emt 0:04:03]} Qxd5 {[%emt 0:04:59]} 11. Nxc6 {[%emt 0:02:40]} Qxc6 {[%emt 0:02:00]} 12. Bg2 {[%emt 0:01:12]} Qc7 {[%emt 0:01:19]} 13. Qd4 {[%emt 0:06:02]} Qxh2 {[%emt 0:29:34]} 14. O-O-O {[%emt 0:00:45]} Qc7 {[%emt 0:01:30]} 15. Bf4 {[%emt 0:04:26]} Qa5 {[%emt 0:03:20]} 16. Bxb7 {[%emt 0:01:23]} Bc5 {[%emt 0:04:28]} 17. Bc6+ {[%emt 0:02:04]} Ke7 {[%emt 0:00:15]} 18. Bd6+ {[%emt 0:00:08]} Bxd6 {[%emt 0:00:57]} 19. Qxd6+ {[%emt 0:00:07]} Kf6 {[%emt 0:00:03]} 20. Qf4+ {[%emt 0:02:31]} Ke7 {[%emt 0:00:25]} 21. Bxa8 {[%emt 0:00:08] unterminated} 1-0